000 00793cab a2200193 4500
001 ##L132423
008 060206n2006 000 0 eng u
035 _a(Sirsi) u132423
100 1 _aKivlehan, Noella Pio
245 0 0 _aEG Offices Q1
260 _c2006
490 0 _aEstates Gazette
_v(0604) 28 January 2006, 121-139(15)
520 _aProvides a first quarter 2006 commentary on the UK office market. Reports on speculative development, investment in science parks and company relocation and profiles Julian Barwick, joint managing director of Development Securities and Manish Chande, chief executive of Mountgrange Capital.
590 _aIKA140206
690 _aPROPERTY-COMMERCIAL PROPERTY-OFFICE PROPERTY
700 1 _aHarris, David
700 1 _aBatham, Matthew
942 _n0
999 _c76432
_d76432